Größte Stadt Afrikas A-Z - Statistiken

Allgemein
  • Dieses Quiz wurde 93 mal gespielt
  • Das Durchschnittsergebnis liegt bei 15 aus 26
Antwortstatistiken
Buchstabe Einwohner Land Stadt % Korrekt
K 22.5 Mio. Ägypten Kairo
99%
N 6.70 Mio. Kenia Nairobi
99%
R 2.15 Mio. Marokko Rabat
97%
J 14.6 Mio. Südafrika Johannesburg
96%
T 2.70 Mio. Tunesien Tunis
96%
C 4.775 Mio. Marokko Casablanca
94%
L 20.7 Mio. Nigeria Lagos
90%
B 5.45 Mio. Mali Bamako
85%
F 1.38 Mio. Sierra Leone Freetown
85%
H 2.625 Mio. Simbabwe Harare
85%
G 535 Tsd. Botswana Gaborone
84%
D 6.25 Mio. Tansania Daressalam
82%
M 2.525 Mio. Mosambik Maputo
82%
O 3.30 Mio. Burkina Faso Ouagadougou
81%
A 6.80 Mio. Elfenbeinküste Abidjan
73%
I 3.325 Mio. Nigeria Ibadan
48%
P 2.20 Mio. Nigeria Port Harcourt
34%
S 1.15 Mio. Tunesien Sousse
15%
Z 1.02 Mio. Nigeria Zaria
15%
E 950 Tsd. Nigeria Enugu
12%
U 400 Tsd. Nigeria Uyo
6%
W 910 Tsd. Nigeria Warri
6%
X 140 Tsd. Mosambik Xai-Xai
4%
Q 350 Tsd. Mosambik Quelimane
3%
V 378 Tsd. Südafrika Vereeniging
0%
Y 460 Tsd. Nigeria Yola
0%
Keine übereinstimmenden Quizze gefunden
Verteilung der Resultate
Anzahl Personen mit jedem Resultat
Perzentil nach korrekt beantworteten Fragen
Ihre Resultats-Entwicklung
Sie haben dieses Quiz noch nicht gespielt